| 000 | 02689nam a2200469 c 4500 | ||
|---|---|---|---|
| 003 | BLK | ||
| 005 | 20180420220833.0 | ||
| 008 | 180408b bul|||||r ||||||| ||bul|| | ||
| 010 | _aKNG00038166000 | ||
| 020 |
_a978-954-91701-7-7 _bиздат.: Бълг. аграрен съюз |
||
| 040 | _aBLK | ||
| 041 |
_aBUL _cBUL |
||
| 072 | 7 |
_2bullib _aН34 _xПраво Н |
|
| 072 | 7 |
_2bullib _aН92 _xИстория Н |
|
| 080 |
_aСобственост. Приватизация и реституция (правни проблеми) -Придобиване, прехвърляне, загуба на собственост, съсобственост, ограничаване на правото на собственост и др. _b347.23 _x(497.2)(091) _z347.23(497.2)(091) |
||
| 080 |
_aДенационализация (земя). Приватизация (земя)(Вж и 338.242. 4. 025. 87 ; 339. 13. 025. 87) _b332.26.025.88 _x(497.2) _z332.26.025.88(497.2) |
||
| 080 |
_aНародна Република България (1946 - 1990) _b94(497.2)"1946/1990" _x(092) _z94(497.2)"1946/1990"(092) |
||
| 080 |
_aСимеон ІІ. Цар на българите през 1943-1946 г. и министър-председател на България в 85-то правителство 2001-2005 г. _b929 Сакскобургготски, Симеон Борисов _x _z929 Сакскобургготски, Симеон Борисов |
||
| 100 | 1 |
_aДимов, Ангел Георгиев _eпърви автор _9262087 |
|
| 139 |
_aДимов, Ангел Георгиев _bД 60 |
||
| 245 | 1 | 0 |
_aБългарските "царски имоти" _cАнгел Георгиев Димов. |
| 257 | _aBGR | ||
| 260 |
_аСофия _bБълг. аграрен съюз _c2010 _fВарна : Екстрийм България |
||
| 300 |
_a120 с. _c20 см |
||
| 380 | _a3 | ||
| 500 | _aБиблиогр. с. 118-120. | ||
| 600 | 1 | 4 |
_aСакскобургготски, Симеон Борисов _9118531 |
| 650 | 4 |
_aНедвижима собственост - България _9267033 |
|
| 650 | 4 |
_aРеституция - България - правни въпроси _9259555 |
|
| 650 | 4 |
_aСакскобургготски, Симеон Борисов _9118531 |
|
| 651 | 4 |
_aБългария _9241624 |
|
| 653 | _aнедвижима собственост | ||
| 653 | _aреституция | ||
| 653 | _aСимеон ІІ | ||
| 653 | _aСимеон Сакскобургготски | ||
| 659 | _aН | ||
| 852 | _aЦб 251688 | ||
| 856 | 4 |
_qpdf _u |
|
| 856 | 4 |
_qpdf _u |
|
| 942 |
_cKNG _n0 |
||
| 944 |
_aCR _c13.05.2011 _lф / _kМилена_Ачева |
||
| 944 |
_aED _c12.05.2015 _lф / _kЛюдмила_Стоянова |
||
| 999 |
_c35433 _d35433 |
||